Words that End in "-the" - Statistics

General Stats
  • This quiz has been taken 161 times
    149 since last reset
  • The average score is 5 of 17
Answer Stats
Answer % Correct
Bathe
68%
Breathe
49%
Lathe
47%
Tithe
46%
Loathe
44%
Lithe
40%
Soothe
36%
Writhe
35%
Scythe
34%
Blithe
30%
Clothe
30%
Seethe
26%
Absinthe
15%
Scathe
13%
Swathe
13%
Sheathe
12%
Sunbathe
4%
No matching quizzes found
Score Distribution
Percent of People with Each Score
Percentile by Number Answered
Your Score History
You have not taken this quiz since the last reset